BIBLIOTECA

SENCICO

Biblioteca Atrium de la Carpintería : carpintería de taller y de armar (3) (Registro nro. 3526)

Detalles MARC
000 -LEADER
fixed length control field 00661nam a2200205Ia 4500
005 - DATE AND TIME OF LATEST TRANSACTION
control field 20251020182617.0
008 - FIXED-LENGTH DATA ELEMENTS--GENERAL INFORMATION
fixed length control field 200515s9999 xx 000 0 und d
082 ## - DEWEY DECIMAL CLASSIFICATION NUMBER
Classification number SC/694.5/O28/3
110 ## - MAIN ENTRY--CORPORATE NAME
Corporate name or jurisdiction name as entry element Océano
245 #0 - TITLE STATEMENT
Title Biblioteca Atrium de la Carpintería : carpintería de taller y de armar (3)
260 ## - PUBLICATION, DISTRIBUTION, ETC.
Place of publication, distribution, etc. Barcelona
260 ## - PUBLICATION, DISTRIBUTION, ETC.
Date of publication, distribution, etc. 1993
300 ## - PHYSICAL DESCRIPTION
Extent 118
520 ## - SUMMARY, ETC.
Summary, etc. Carpintería de taller y de armar, hojas de puertas, hojas de ventana y balconeras, carpintería prefabricada, recubrimientos, suelos, enmaderación de cubierta, cimbras
650 ## - SUBJECT ADDED ENTRY--TOPICAL TERM
Topical term or geographic name entry element CARPINTERIA
650 ## - SUBJECT ADDED ENTRY--TOPICAL TERM
Topical term or geographic name entry element CIMBRAS
650 ## - SUBJECT ADDED ENTRY--TOPICAL TERM
Topical term or geographic name entry element PISOS
650 ## - SUBJECT ADDED ENTRY--TOPICAL TERM
Topical term or geographic name entry element RECUBRIMIENTOS
942 ## - ADDED ENTRY ELEMENTS (KOHA)
Koha item type Libros
Existencias
Fecha de la última vez que lo usaron Pago total Signatura topográfica completa Código de barras Precio efectivo desde Tipo de documento Estado perdido Estado dañado No es para préstamo Retirado Ubicación permanente Ubicación actual Fecha de adquisición
15/05/2020   SC/694.5/O28/3 Bib-Lima15053526 15/05/2020 Libros         Biblioteca Central Lima Biblioteca Central Lima 15/05/2020